|
|
|
|
| LEADER |
01216nam a2200361 a 4500 |
| 001 |
nkc20051570325 |
| 003 |
CZ PrNK |
| 005 |
20060131084745.0 |
| 007 |
ta |
| 008 |
050606s2005 xr cehig e 000 0 cze |
| 015 |
|
|
|a cnb001570325
|
| 020 |
|
|
|a 80-239-5157-2
|q (brož.)
|
| 035 |
|
|
|a (OCoLC)85155248
|
| 040 |
|
|
|a BOA001
|b cze
|d ABA001
|
| 043 |
|
|
|a e-xr---
|b e-xr-st
|2 czenas
|
| 072 |
|
7 |
|a 94(437)
|x Dějiny Česka a Slovenska
|2 Konspekt
|9 8
|
| 080 |
|
|
|a 94(437.312)
|2 MRF
|
| 080 |
|
|
|a (048.8)
|2 MRF
|
| 100 |
1 |
|
|a Coufalík, Jaromír
|7 jk01020815
|4 aut
|
| 245 |
1 |
0 |
|a Osm věků Ratměřic /
|c Jaromír Coufalík
|
| 260 |
|
|
|a V Ratměřicích :
|b Obecní úřad v Ratměřicích,
|c 2005
|
| 300 |
|
|
|a 88 s. :
|b portréty, plány, faksim., erby ;
|c 21 cm
|
| 500 |
|
|
|a 500 výt.
|
| 504 |
|
|
|a Obsahuje bibliografické odkazy
|
| 651 |
|
7 |
|a Ratměřice (Česko)
|7 ge303200
|x dějiny
|2 czenas
|
| 651 |
|
9 |
|a Ratměřice (Czechia)
|x history
|2 eczenas
|
| 655 |
|
7 |
|a přehledy
|7 fd133202
|2 czenas
|
| 655 |
|
9 |
|a surveys
|2 eczenas
|
| 910 |
2 |
|
|a BOA001
|b 2-1155.660
|
| 990 |
|
|
|a BK
|
| 995 |
|
|
|a 01
|
| 991 |
|
|
|b 200509
|c NOV
|
| 996 |
6 |
|
|b 2610258079
|c 2-1155.660
|l MZK
|r Sklad / do 1 hodiny
|n 2
|p p.v.
|w 000784265
|u 000010
|a 1
|e BOA001
|j MZK50
|s P
|